000 00667nam a2200205Ia 4500
003 GCL
008 140319s9999 xx 000 0 ara d
040 _aGCL /
_cGCL
082 0 4 _a791.347
_bك ك
100 1 _aاحمد الحضرى
245 1 0 _aكيف تتم كتابة السيناريو /
_cاحمد الحضرى
700 1 _aكاريتنيكوفا، انجا
260 _a[S.N] :
_bالمجلس الاعلى للثقافة ،
_c1995
300 _a219 ص
490 _aالمشروع القومى للترجمة
_v0
650 0 4 _aالادب العربى
650 0 4 _aالقصص القصيرة
650 0 4 _aالقصة العربية
942 _2ddc
_cBK
999 _c58783
_d58783